every single zombie in pvz part 1 - Statistics

General Stats
  • This quiz has been taken 3 times
  • The average score is 34 of 500
Answer Stats
Hint Answer % Correct
pvz 1 basic zombie
100%
buckethead zombie
100%
conehead zombie
100%
flag zombie
100%
gargantuar
100%
pirate zombie
100%
zomboni
100%
all star zombie
50%
backup dancer
50%
balloon zombie
50%
barrel roller zombie
50%
brickhead zombie
50%
buckethead cowboy
50%
buckethead mummy
50%
buckethead pirate
50%
bungee zombie
50%
conehead cowboy
50%
conehead mummy
50%
conehead pirate
50%
cowboy zombie
50%
digger zombie
50%
discotron 3000
50%
dodo
50%
dolphin
50%
dolphin rider zombie
50%
dr zomboss
50%
explorer zombie
50%
flag mummy zombie
50%
flag pirate zombie
50%
football zombie
50%
future buckethead zombie
50%
future conehead zombie
50%
future zombie
50%
gargantuar pirate
50%
giga gargantuar
50%
imp
50%
imp cannon
50%
imp mummy
50%
imp pirate
50%
jetpack zombie
50%
jolly roger zombie
50%
pvz 2 mummy zombie
50%
newspaper zombie
50%
pharaoh zombie
50%
pianist zombie
50%
pogo zombie
50%
pole vaulting zombie
50%
poncho zombie
50%
pyramid head zombie
50%
ra zombie
50%
penny's pursuit roman zombie
50%
screen door zombie
50%
snorkel zombie
50%
surfer zombie
50%
swashbuckler zombie
50%
yeti imp
50%
zombie yeti
50%
zomboss
50%
zombot sphinxinator
50%
zombot war wagon
50%
8 bit buckethead zombie
0%
8 bit conehead zombie
0%
8 bit zombie
0%
admiral helmet monk zombie
0%
admiral helmet zombie
0%
adventurer zombie
0%
amberhead zombie
0%
announcer imp
0%
arbiter x
0%
arcade zombie
0%
archmage zombie
0%
aristocrat gargantuar
0%
aristocrat zombie
0%
assassin zombie
0%
ballerina zombie
0%
balloon imp
0%
bamboo baskethead zombie
0%
bandit zombie
0%
barrelhead pirate
0%
pvz adventures barrel zombie
0%
baseball zombie
0%
bass zombie
0%
beach flag zombie
0%
beggar zombie
0%
big brainz all star zombie
0%
big brainz balloon zombie
0%
big brainz basic zombie
0%
big brainz buckethead
0%
big brainz conehead
0%
big brainz flag zombie
0%
big brainz gargantuar
0%
big brainz imp
0%
big brainz newspaper zombie
0%
big brainz super fan imp
0%
bikini buckethead
0%
bikini conehead
0%
bikini zombie
0%
birthday cake pharaoh
0%
birthdayz barrel roller
0%
birthdayz flag zombie
0%
birthdayz zombie
0%
blade wielding hero
0%
blastronaut zombie
0%
blockhead zombie
0%
boombox zombie
0%
breakdancer zombie
0%
bride of frankentuar
0%
bubble gun imp
0%
buckethead adventurer zombie
0%
buckethead aristocrat zombie
0%
buckethead ducky tube zombie
0%
buckethead kongfu zombie
0%
buckethead labor zombie
0%
buckethead monk zombie
0%
buckethead peasant
0%
buckethead pilot zombie
0%
buckethead poker zombie
0%
buckethead samurai zombie
0%
buckethead terracotta
0%
bug bot imp
0%
bug zombie
0%
bust head zombie
0%
#caketank
0%
camel zombies
0%
arenaz cardio zombie
0%
carnie buckethead
0%
carnie cannon
0%
carnie conehead
0%
carnie flag zombie
0%
carnie imp
0%
carnie imp split
0%
carnie imp twins
0%
carnie zombie
0%
carp
0%
carp rider zombie
0%
cart head zombie
0%
catapult baseball zombie
0%
catapult zombie
0%
cavalry zombie
0%
cave buckethead
0%
cave conehead
0%
cave flag zombie
0%
cave zombie
0%
centurion zombie
0%
chefster zombie
0%
chicken wrangler zombie
0%
chief ice wind zombie
0%
chinese zombies
0%
coach zombie
0%
coal miner zombie
0%
pvz great wall edition commoner zombie
0%
fight the sea demons conchhead zombie
0%
conehead adventurer zombie
0%
conehead aristocrat zombie
0%
conehead ducky tube zombie
0%
conehead kongfu zombie
0%
conehead labor zombie
0%
conehead monk zombie
0%
conehead peasant
0%
conehead pilot zombie
0%
conehead poker zombie
0%
conehead samurai zombie
0%
conehead terracotta
0%
conga dancer
0%
conga leader
0%
cowboy imp
0%
cowboy rally zombie
0%
crab imp
0%
dancing zombie
0%
dark ages gargantuar
0%
deep sea gargantuar
0%
disco jetpack zombie
0%
disinfection zombie
0%
DJ Zom B
0%
dodo rider zombie
0%
door zombie
0%
double cabin aircraft zombie
0%
dragon king of the east sea zombot
0%
drinking monk zombie
0%
drinking zombie
0%
ducky tube zombie
0%
egg pusher imp
0%
eggshell imp
0%
egg stealer imp
0%
egypt rally zombie
0%
heroes event (pvz 2) electric boogaloo zombie
0%
electromagnetic shield generator
0%
memory lane elite healer zombie
0%
elite lightning gun zombie
0%
elite onmyoji zombie
0%
elite Zcorpion zombie
0%
emperor zombot
0%
encourager gargantuar
0%
excavator zombie
0%
explode o nut zombie
0%
exploding zombie
0%
feastivus buckethead
0%
feastivus camel zombies
0%
feastivus conehead
0%
feastivus flag zombie
0%
feastivus gargantuar
0%
feastivus imp
0%
feastivus pianist zombie
0%
feastivus poncho zombie
0%
feastivus zombie
0%
firebreather zombie
0%
firecracker zombie
0%
firework zombie
0%
fisherman zombie
0%
fish thrower imp
0%
flag adventurer zombie
0%
flag aristocrat zombie
0%
flag cowboy zombie
0%
flagger zombie
0%
flag kongfu zombie
0%
flag labor zombie
0%
flag monk zombie
0%
flag pilot zombie
0%
flag poker zombie
0%
flag samurai zombie
0%
flag terracotta zombie
0%
flower thief zombie
0%
flying gargantuar
0%
journey to the west flying imp
0%
food fight buckethead
0%
food fight conehead
0%
food fight flag zombie
0%
thymed events food fight zombie
0%
foreman gargantuar
0%
frankentuar
0%
furnace zombie
0%
future flag zombie
0%
gargantuar prime
0%
gargimp legal
0%
gas can zombie
0%
gatling pea zombie
0%
gentleman zombie
0%
giga football zombie
0%
gladiator gargantuar
0%
glider zombie
0%
glitter zombie
0%
god of wealth
0%
gong zombie
0%
goose tube zombie
0%
grinderhead zombie
0%
guard cavalry zombie
0%
guard gargantuar
0%
gunpowder devil
0%
hair metal gargantuar
0%
halloween buckethead
0%
halloween conehead
0%
halloween flag zombie
0%
halloween zombie
0%
hammer zombie
0%
han bronze
0%
head office impgantuar
0%
healer zombie
0%
hippity hop gargantuar
0%
holiday gargantuar
0%
holiday imp
0%
holohead zombie
0%
hot dog imp
0%
hunter zombie
0%
ice block zombie
0%
ice weasel
0%
imp dragon
0%
impfinity zombie
0%
imp mermaid zombie
0%
imp monk
0%
imposter zombie
0%
imp pear imp
0%
imp porter
0%
impunk
0%
industrial imp
0%
ingot thief zombie
0%
jack in the box zombie
0%
jalapeno zombie
0%
jester zombie
0%
jurassic buckethead
0%
jurassic bully
0%
jurassic conehead
0%
jurassic flag zombie
0%
jurassic fossilhead
0%
jurassic gargantuar
0%
jurassic imp
0%
jurassic rally zombie
0%
jurassic rockpuncher
0%
jurassic zombie
0%
kid taoist monk zombie
0%
king of the grill
0%
knight bronze
0%
knight zombie
0%
pvz 2 chinese kongfu zombie
0%
kongming lantern zombie
0%
labor zombie
0%
ladder zombie
0%
lawnbowl balloon zombie
0%
lawnbowl buckethead
0%
lawnbowl gargantuar
0%
lawnbowl imp
0%
lawnbowl wizard
0%
leprechaun imp
0%
lightning gun zombie
0%
other (pvz 2 china) lion dancer zombie
0%
lobsterhead runner zombie
0%
lollipop zombie
0%
lost city imp
0%
lost doctor zombie
0%
lost guide zombie
0%
lost pilot zombie
0%
magician zombie
0%
mall cop zombie
0%
marshal zombie
0%
mc zom b
0%
mecha football zombie
0%
mino zombie
0%
mirror queen zombie
0%
missile zombie
0%
money tree zombie
0%
monk zombie
0%
mummified gargantuar
0%
pvz social edition mustache zombie
0%
neon buckethead zombie
0%
neon conehead zombie
0%
neon flag zombie
0%
neon zombie
0%
new year buckethead zombie
0%
new year camel zombies
0%
new year conehead zombie
0%
new year fan imp
0%
new year flag zombie
0%
new year zombie
0%
nian beast zombie
0%
ninjimp
0%
nunchaku zombie
0%
nutcracker zombie
0%
octopus
0%
octo zombie
0%
oil truck zombie
0%
oil truck zombie team
0%
onmyoji zombie
0%
ox demon king zombot
0%
parasol zombie
0%
peasant flag zombie
0%
peasant zombie
0%
zombotany (pvz 1) peashooter zombie
0%
pelican zombie
0%
perfume zombie
0%
pilot zombie
0%
pirate captain zombie
0%
secret realms poker zombie
0%
pole zombie
0%
pompadour buckethead
0%
pompadour conehead
0%
pompadour zombie
0%
porter gargantuar
0%
prospector zombie
0%
pumpkin ghost
0%
pumpkin knight zombie
0%
punk zombie
0%
qigong bronze
0%
qigong zombie
0%
queen zombie
0%
rabbit imp
0%
rally zombie
0%
red boy imp
0%
red queen imp
0%
regifting zombie
0%
relic hunter zombie
0%
riot police zombie
0%
robo cone zombie
0%
robo rally zombie
0%
rocket imp
0%
rocket zombie
0%
rodeo legend zombie
0%
roman buckethead
0%
roman caesar zombie
0%
roman conehead
0%
roman flag zombie
0%
roman imp
0%
roman shield zombie
0%
rustbolt zombie
0%
samurai zombie
0%
saturn peach zombie
0%
sculptor imp
0%
seagull zombie
0%
seahorse pogo zombie
0%
pvz online sergeant zombie
0%
shell zombie
0%
shield zombie
0%
shogun gargantuar
0%
skeleton demon zombie
0%
ski zombie
0%
sloth gargantuar
0%
snow pea zombie
0%
solar car zombie
0%
solar sage zombie
0%
spider devil zombie
0%
springening buckethead
0%
springening camel zombies
0%
springening conehead
0%
springening flag zombie
0%
springening imp
0%
springening poncho zombie
0%
springening wizard
0%
springening zombie
0%
squash zombie
0%
stiltwalker zombie
0%
st paddy buckethead
0%
st paddy conehead
0%
st paddy dodo
0%
st paddy dodo rider
0%
st paddy zombie
0%
strongman gargantuar
0%
stupid cupid
0%
summer nights buckethead
0%
summer nights bug zombie
0%
summer nights conehead
0%
summer nights flag zombie
0%
summer nights zombie
0%
sunday edition zombie
0%
sunflower zombie
0%
super brainz zombie
0%
super fan imp
0%
surprise gargantuar
0%
sushi chef zombie
0%
swordsman zombie
0%
great wall edition survival talisman zombie
0%
tall nut zombie
0%
taoist leader zombie
0%
target zombie
0%
the smash zombie
0%
tomb raiser zombie
0%
torch kongfu zombie
0%
torchlight zombie
0%
torch monk zombie
0%
tortoise zombie
0%
toy car imp
0%
transport boat
0%
other (pvz 1) trash can zombie
0%
other (pvz 2) treasure yeti
0%
troglobite
0%
tudigong zombie
0%
turkey boss
0%
turkey wrangler
0%
turquoise skull zombie
0%
valenbrainz buckethead
0%
valenbrainz conehead
0%
valenbrainz flag zombie
0%
valenbrainz gargantuar
0%
holidays valenbrainz zombie
0%
vampire imp
0%
vasebreaker vase gargantuar
0%
wall nut zombie
0%
walrus zombie
0%
weasel hoarder
0%
weightlifter zombie
0%
wild west gargantuar
0%
witch zombie
0%
wizard zombie
0%
wraith zombie
0%
yellow brows gargantuar
0%
zcorp buckethead
0%
zcorp chair racer
0%
zcorp conehead
0%
zcorp consultant
0%
zcorp contractor
0%
zcorp contractor buckethead
0%
zcorp contractor conehead
0%
zcorp flag zombie
0%
zcorp helpdesk
0%
Zcorpion zombie
0%
zcorp new hire
0%
z mech
0%
zombie bobsled team
0%
zombie bull
0%
zombie bull rider
0%
zombie chicken
0%
zombie crow
0%
zombie dove
0%
zombie fighter
0%
zombie gravestone
0%
zombie king
0%
zombie medusa
0%
zombie monkey
0%
zombie parrot
0%
zombie turkey
0%
zombie worm
0%
zombot aerostatic gondola
0%
zombot castroliope
0%
zombot dark dragon
0%
zombot dinotronic mechasaur
0%
zombot multistage masher
0%
zombot plankwalker
0%
zombot sharktronic sub
0%
zombot tomorrowtron
0%
zombot tuskmaster 10000 bc
0%
zombot vulture fighter
0%
No matching quizzes found
Score Distribution
Percent of People with Each Score
Percentile by Number Answered
Your Score History
You have not taken this quiz